00545nam a2200169 a 4500001001000000003000900010005001700019007000300036008004100039040002500080082002500105100002900130245005100159260006600210300002100276651007800297000032887DO-SdBNP20240409073643.0ta110801s1955 dr 000 0 spa d aDO-SdBNPbspacBNPHU 4a972.93053bG643e2221 aGonzález-Blanco, Pedro13aLa era de Trujillo /cPedro González-Blanco. aCiudad Trujillo, República Dominicana :bDel Caribe,c1955. a731 p. ;c23 cm. 4aRepública DominicanaxPolítica y gobiernoyEra de Trujillo, 1930-1961